This or That Blitz: Marvel Heroes or Villains Quiz Stats

 Plays Quiz Updated May 16, 2018

Challenge
Share
Tweet
Embed
Score 0/30 Timer 01:00
2 Plays Today
Character Villain or Hero % Correct
Iron Man???
91.5%
Captain America???
91.4%
Spider-Man???
91.3%
Thor???
91.2%
Ms. Marvel???
90.6%
Dr. Doom???
90%
Black Panther???
89.9%
Doctor Octopus???
89.5%
Wolverine???
89.4%
Daredevil???
88.5%
Thanos???
88.3%
Apocalypse???
87.7%
Loki???
87.6%
Green Goblin???
87.6%
Storm???
87.3%
Character Villain or Hero % Correct
Kingpin???
86.5%
Abomination???
86.3%
Doctor Strange???
85.8%
Star-Lord???
85.8%
Lady Deathstrike???
85.4%
Dormammu???
85.4%
Nick Fury???
84.9%
Beast???
80.5%
Enchantress???
80.2%
Wasp???
79.8%
Venom???
66.6%
Emma Frost???
64.2%
Black Widow???
63.7%
Kitty Pryde???
57.4%
Moonstone???
50.1%

You're not logged in!

Compare scores with friends on all Sporcle quizzes.
OR
Log In

You Might Also Like...

Show Comments

Extras

Top Quizzes Today


Score Distribution

Your Account Isn't Verified!

In order to create a playlist on Sporcle, you need to verify the email address you used during registration. Go to your Sporcle Settings to finish the process.

Report this User

Report this user for behavior that violates our Community Guidelines.

Details: